Регионална библиотека "Любен Каравелов" - Русе

Моята прекрасна книжарничка (Запис номер 176930)

MARC детайли
000 -Лидер
Контролно поле с фиксирана дължина 01380nam a2200349 c 4500
003 - Код на организацията, давaща контролен номер
Контролно поле BLK
005 - Дата и час на последна редакция
Контролно поле 20230821141140.0
008 - Елементи от данни с фиксирана дължина
fixed length control field 180411b bul|||||r ||||||| ||bul||
010 ## - Наследен системен номер
LC control number KNG00185564000
020 ## - Международен стандартен номер на книга ISBN
Международен стандартен номер на книга ISBN 978-954-28-1773-4
-- издат.: Сиела Норма
040 ## - Източник на каталожния запис
Идентификатор на билиотеката - собственик на записа BLK
041 ## - Код за език
Код за езика на текст/звукозапис или на отделно заглавие Български
Код за езика КДБФ Български
072 #7 - Код за тематичната категория
Код организация bullib
Код за тематична категория Н83
Текст Чужда художествена литература Н
080 ## - УДК
Текстов определител УДК Немска литература
УДК код - определител по УДК 821.112.2
УДК определител -31
УДК - код + определител 821.112.2-31
100 1# - Редна дума - Автор
Автор Хартлиб, Петра
Авторска отговорност първи автор
R(LIN) 136430
139 ## - Редно поле
Редна дума Хартлиб, Петра
Авторски знак Харт - Х 29
245 10 - Сведения за заглавието
Заглавие Моята прекрасна книжарничка
Подзаглавни данни Роман
Редно поле (дума) Петра Хартлиб; прев. от нем. Алеко Кръстанов Дянков.
257 ## - Страна на издаване
Страна на създаване/издаване Австрия
260 ## - Област на издателските данни
-- София
Име на издателя, разпространителя и проч. Сиела Норма
Година на издаване 2015
300 ## - Физическа характеристика
Страници 164 с.
Размери/Мащаб 21 см
380 ## - Жанр
Жанр Худож. лит.
500 ## - Общи забележки
Забележка Ориг. загл. Meine wundervolle Buchhandlung / Petra Hartlieb. - Съдържа и за авт.
653 ## - Ключова дума – ненормативна
Ключова дума романи
659 ## - Тематичен бюлетин
Тематичен бюлетин Н
700 ## - Други автори (авторска отговорност)
Лично име Дянков, Алеко Кръстанов
9 (RLIN) 381694
852 ## - Местоположение
Форматна сигнатура Цб 278641
856 4# - Електронен адрес и достъп
Електронен формат pdf - файл
Път до файла /url/
856 4# - Електронен адрес и достъп
Електронен формат pdf - файл
Път до файла /url/
942 ## - АРТИКУЛИ
Вид на библиотечния материал Книги
Скрит в OPAC Не
Koha issues (borrowed), all copies 10
944 ## - СЪЗДАВАНЕ И РЕДАКЦИЯ на ЗАПИСА
Създаване/Редакция Създаване
Дата на регистрацията/редакция 15.12.2015
Статус, дата на статуса Геновева Генчева
Служител, извършил регистрацията/редакцията 30560
944 ## - СЪЗДАВАНЕ И РЕДАКЦИЯ на ЗАПИСА
Създаване/Редакция Редакция
Дата на регистрацията/редакция 14.10.2016
Статус, дата на статуса ф /
Служител, извършил регистрацията/редакцията Пенка_Димитрова
999 ## - СИСТЕМНИ КОНТРОЛНИ НОМЕРА
Koha biblionumber 176930
Koha biblioitemnumber 176930
Наличности
Код за отписване Код за изгубен артикул Код за повреда Коз за рестрикции Код за отдаване Артикулен № Име на библиотеката - собственик Име на библиотеката, в която се намира в момента Статус (Текущо местоположение) Дата на вписване в системата Местоположение - отдел Цена в лева Инвентарен номер Систематично азбучна сигнатура Баркод Номер на екземпляра Цена в евро Служебна бележка Служебен тип на артикула Източник на класификационната схема
  Не е изгубен Не е повреден без рестрикции заемане за дома 304291 Регионална библиотека "Любен Каравелов" Русе Регионална библиотека "Любен Каравелов" Русе Заемна - подръчен фонд 2015-12-21 Заемна - подръчен фонд 13.90 120000796148 П 830-31/Х 29 120000796148 1 7.11 Дост: Pk Вид: Ф N: 449 Дата: 14.12.2015 Книги  
  Не е изгубен Не е повреден без рестрикции ползва се в читалня 304292 Регионална библиотека "Любен Каравелов" Русе Регионална библиотека "Любен Каравелов" Русе Хранилище 2016-10-17 Хранилище 13.90 120000804799 Цб 278641 120000804799 2 7.11 Дост: Dp Вид: Д N: 38 Дата: 24.08.2016 Книги  
  Не е изгубен Не е повреден   заемане за дома 721384 Регионална библиотека "Любен Каравелов" Русе Регионална библиотека "Любен Каравелов" Русе Заемна - подръчен фонд 2019-06-11 Заемна - подръчен фонд 6.95   П 830-31/Х 29 120000832281   3.55   Книги Universal Decimal Classification
Vip Innovations Ltd, Rousse, Bulgaria 2025